IFM Opac

Observing the User Experience: (Record no. 22229)

MARC details
000 -LEADER
fixed length control field 00416nam a22001577a 4500
020 ## - INTERNATIONAL STANDARD BOOK NUMBER
ISBN 978-0-12-384869-7
082 ## - DEWEY DECIMAL CLASSIFICATION NUMBER
Classification number 004.21
100 ## - MAIN ENTRY--AUTHOR NAME
Personal name Goodman, Elizabeth
245 ## - TITLE STATEMENT
Title Observing the User Experience:
Sub Title A Practitioners Guide to User Research
250 ## - EDITION STATEMENT
Edition statement 2nd
260 ## - PUBLICATION, DISTRIBUTION, ETC. (IMPRINT)
Place of publication Waltham:
Name of publisher Elsevier,
Year of publication 2012
300 ## - PHYSICAL DESCRIPTION
Number of Pages xiii, 585p.: ill.; 24cm
700 ## - ADDED ENTRY--PERSONAL NAME
Personal name Kuniavsky, Mike
700 ## - ADDED ENTRY--PERSONAL NAME
Personal name Andrea, Moed
942 ## - ADDED ENTRY ELEMENTS (KOHA)
Koha item type Books
Holdings
Withdrawn status Lost status Damaged status Not for loan Collection code Permanent Location Current Location Shelving location Date acquired Source of acquisition Full call number Accession Number Price effective from Koha item type
        Non-fiction IFM Main Campus Library IFM Main Campus Library Work Room processing 01/26/2026 Purchased 004.21 GOO 0000030955 01/26/2026 Books